[Event "St Martin op"]
[Site "St Martin"]
[Date "1993.??.??"]
[Round "4"]
[White "Zaltsman, Vitaly F"]
[Black "Vucic, Mladen"]
[Result "0-1"]
[WhiteElo "2465"]
[BlackElo "2385"]
[PlyCount "94"]
[EventDate "1993.05.??"]
[EventType "swiss"]
[EventRounds "9"]
[EventCountry "FRA"]
[SourceTitle "TD"]
[Source "ChessBase"]
[SourceDate "1994.03.01"]
[SourceVersion "1"]
[SourceVersionDate "1994.03.01"]
[SourceQuality "1"]

1. d4 d5 2. Nf3 Nf6 3. c4 c6 4. cxd5 cxd5 5. Nc3 Nc6 6. Bf4 Bf5 7. e3 e6 8. Bd3 Bxd3 9. Qxd3 Bd6 10. Bg3 Be7 11. 0-0 0-0 12. Rfc1 Nd7 13. Nd2 Nb6 14. Qe2 Rc8 15. Nb3 Nc4 16. Nc5 b6 17. Nd3 Nb4 18. Nxb4 Bxb4 19. Nb5 Qd7 20. a4 Nd2 21. Qd1 Ne4 22. Bf4 h6 23. f3 Nd2 24. b3 f6 25. Bg3 a6 26. Nc7 a5 27. Nb5 Rxc1 28. Rxc1 Rc8 29. Rxc8+ Qxc8 30. h3 e5 31. Be1 Qf5 32. e4 Qf4 33. exd5 exd4 34. d6 Qe3+ 35. Bf2 Qxb3 36. Qxb3+ Nxb3 37. d7 Be7 38. Bxd4 Nxd4 39. Nxd4 Kf7 40. Nc6 Ke6 41. d8Q Bxd8 42. Nxd8+ Kd7 43. Nf7 b5 44. axb5 a4 45. b6 a3 46. b7 Kc7 47. Nd6 a2 0-1

[Event "Manhattan op"]
[Site "New York"]
[Date "1991.??.??"]
[Round "?"]
[White "Shipman, Walter"]
[Black "Zaltsman, Vitaly F"]
[Result "0-1"]
[WhiteElo "2315"]
[BlackElo "2450"]
[PlyCount "70"]
[EventDate "1991.??.??"]
[EventType "swiss"]
[EventRounds "9"]
[EventCountry "USA"]
[SourceTitle "EXT 2000"]
[Source "ChessBase"]
[SourceDate "1999.11.16"]
[SourceVersion "1"]
[SourceVersionDate "1999.11.16"]
[SourceQuality "1"]

1. d4 d5 2. Nf3 c5 3. c3 e6 4. g3 Nf6 5. Bg2 Be7 6. 0-0 0-0 7. Bg5 Nbd7 8. Nbd2 b6 9. c4 Bb7 10. cxd5 exd5 11. dxc5 bxc5 12. Qc2 Qb6 13. Nh4 Rfe8 14. Nf5 Bf8 15. Rfe1 h6 16. Bxf6 Nxf6 17. b3 Re6 18. Rad1 a5 19. Nb1 d4 20. Bxb7 Qxb7 21. e3 Rae8 22. Nd2 g6 23. Nh4 dxe3 24. Rxe3 Rxe3 25. fxe3 Ng4 26. Re1 Rxe3 27. Rxe3 Nxe3 28. Qc3 Qe7 29. Qxa5 Ng4 30. Nf1 c4 31. Qd2 Qc5+ 32. Kh1 c3 33. Qc2 Qf2 34. Qd1 c2 35. Qc1 Bc5 0-1

[Event "Manhattan op"]
[Site "New York"]
[Date "1991.??.??"]
[Round "?"]
[White "Zaltsman, Vitaly F"]
[Black "Hoffmann, Asa"]
[Result "1-0"]
[WhiteElo "2450"]
[BlackElo "2330"]
[PlyCount "79"]
[EventDate "1991.??.??"]
[EventType "swiss"]
[EventRounds "9"]
[EventCountry "USA"]
[SourceTitle "EXT 2000"]
[Source "ChessBase"]
[SourceDate "1999.11.16"]
[SourceVersion "1"]
[SourceVersionDate "1999.11.16"]
[SourceQuality "1"]

1. Nf3 Nf6 2. c4 d6 3. Nc3 e5 4. d4 Nbd7 5. e4 Be7 6. Be2 c6 7. 0-0 0-0 8. Be3 Re8 9. d5 a6 10. Nd2 h6 11. b4 c5 12. Rb1 b6 13. a3 Nh7 14. Nb3 Bg5 15. Qd2 Ndf6 16. Rb2 Bd7 17. Rfb1 Qc7 18. f3 Reb8 19. Nd1 Ba4 20. bxc5 dxc5 21. Nc1 Bxd1 22. Bxd1 Ne8 23. Bxg5 Nxg5 24. Qc3 f6 25. Ba4 b5 26. cxb5 axb5 27. Bxb5 Nd6 28. Bc6 c4 29. Bxa8 Rxa8 30. Qe3 f5 31. h4 Ngf7 32. Ne2 Qe7 33. Rb8+ Rxb8 34. Rxb8+ Kh7 35. Nc3 Qxh4 36. exf5 Nxf5 37. Qe4 Qg5 38. Nb5 c3 39. Rc8 Qg6 40. g4 1-0

[Event "Manhattan op"]
[Site "New York"]
[Date "1991.??.??"]
[Round "?"]
[White "Zaltsman, Vitaly F"]
[Black "Shirazi, Kamran"]
[Result "0-1"]
[WhiteElo "2450"]
[BlackElo "2390"]
[PlyCount "90"]
[EventDate "1991.??.??"]
[EventType "swiss"]
[EventRounds "9"]
[EventCountry "USA"]
[SourceTitle "EXT 2000"]
[Source "ChessBase"]
[SourceDate "1999.11.16"]
[SourceVersion "1"]
[SourceVersionDate "1999.11.16"]
[SourceQuality "1"]

1. d4 Nf6 2. c4 d6 3. Nc3 Bf5 4. Nf3 g6 5. Ng5 Bg7 6. e4 Bg4 7. Be2 Bxe2 8. Qxe2 Nc6 9. d5 Nd4 10. Qd1 c5 11. Nf3 Nd7 12. 0-0 0-0 13. Nxd4 cxd4 14. Ne2 Qb6 15. Rb1 Rfc8 16. b3 Rxc4 17. Bb2 Rb4 18. Kh1 d3 19. Ng3 Bxb2 20. Rxb2 Nc5 21. f3 Rc8 22. Qd2 a5 23. Qg5 f6 24. Qg4 Qd8 25. Rd2 a4 26. bxa4 Rxa4 27. Nf5 Rca8 28. Rff2 Qd7 29. Qg3 Kh8 30. Ne3 Qb5 31. h4 Rxa2 32. Rxa2 Rxa2 33. Rxa2 Qb1+ 34. Kh2 Qxa2 35. Qg4 Qa8 36. h5 Qf8 37. Kg1 Qh6 38. Kf2 Qxh5 39. Qc8+ Kg7 40. Qe8 Qe5 41. Ng4 Nxe4+ 42. Ke3 Qg5+ 43. f4 Qxg4 44. Qxe7+ Kh6 45. Qxe4 Qe2+ 0-1

[Event "World op 17th"]
[Site "Philadelphia"]
[Date "1989.??.??"]
[Round "2"]
[White "Benjamin, Joel"]
[Black "Zaltsman, Vitaly F"]
[Result "1/2-1/2"]
[WhiteElo "2545"]
[BlackElo "2420"]
[PlyCount "66"]
[EventDate "1989.06.??"]
[EventType "swiss"]
[EventRounds "10"]
[EventCountry "USA"]
[SourceTitle "EXT 1997"]
[Source "ChessBase"]
[SourceDate "1996.11.15"]
[SourceVersion "1"]
[SourceVersionDate "1996.11.15"]
[SourceQuality "1"]

1. e4 c5 2. Nf3 d6 3. d4 cxd4 4. Nxd4 Nf6 5. Nc3 Nc6 6. Be2 e6 7. Be3 a6 8. f4 Qc7 9. Qd2 Be7 10. 0-0-0 Rb8 11. g4 b5 12. g5 Nd7 13. Bf3 Bb7 14. Kb1 b4 15. Nce2 Nc5 16. Ng3 g6 17. b3 h6 18. gxh6 Rxh6 19. Nxc6 Bxc6 20. f5 Rh4 21. fxg6 fxg6 22. Bg5 Bxe4 23. Bxe7 Qxe7 24. Nxe4 Nxe4 25. Bxe4 Rxe4 26. Rhf1 g5 27. Qd3 d5 28. Qxa6 Qc5 29. Rf6 Rc8 30. Rc1 Ke7 31. Rh6 Re1 32. Qb7+ Kd6 33. Qa6+ Ke7 1/2-1/2

[Event "New York op"]
[Site "New York"]
[Date "1989.??.??"]
[Round "4"]
[White "Frias Pablaza, Victor J"]
[Black "Zaltsman, Vitaly F"]
[Result "1/2-1/2"]
[WhiteElo "2510"]
[BlackElo "2420"]
[PlyCount "124"]
[EventDate "1989.03.??"]
[EventType "swiss"]
[EventRounds "9"]
[EventCountry "USA"]
[SourceTitle "CBM 012"]
[Source "ChessBase"]
[SourceDate "1989.10.01"]
[SourceVersion "1"]
[SourceVersionDate "1989.10.01"]
[SourceQuality "1"]

1. c4 c5 2. Nf3 Nf6 3. Nc3 e6 4. g3 d5 5. cxd5 Nxd5 6. Bg2 Be7 7. 0-0 Nc6 8. d4 0-0 9. Nxd5 exd5 10. dxc5 Bxc5 11. Ne1 d4 12. Nd3 Bb6 13. b4 Be6 14. Nf4 Bf5 15. b5 Na5 16. Bd2 Qd7 17. Qa4 a6 18. Nd5 axb5 19. Qb4 Bd8 20. Qxd4 Nc6 21. Qb2 Na5 22. Ne3 Bf6 23. Bc3 Bxc3 24. Qxc3 Be6 25. Rfd1 Rfc8 26. Qe5 Qe8 27. Nd5 Bxd5 28. Rxd5 Qxe5 29. Rxe5 Rc2 30. Rxb5 Rxe2 31. Bxb7 Nxb7 32. Rxb7 g6 33. a4 Re5 34. Ra3 Rf5 35. Kg2 h5 36. h4 Kg7 37. Rb4 Rfa5 38. Kf3 R8a6 39. Ke3 Rf5 40. Rf4 Rfa5 41. Kd3 f6 42. Kc3 g5 43. Rc4 Kg6 44. Ra2 Rf5 45. Rd2 Rb6 46. Ra2 Ra6 47. Kb3 Ra8 48. Rac2 Rf3+ 49. R4c3 Rf5 50. hxg5 fxg5 51. Rc6+ Rf6 52. Rxf6+ Kxf6 53. Rc6+ Kf5 54. Rc5+ Kf6 55. a5 Rh8 56. a6 h4 57. Rc6+ Kf5 58. a7 Ra8 59. Rc7 Kg4 60. gxh4 gxh4 61. Rh7 h3 62. Kc4 h2 1/2-1/2

[Event "New York op"]
[Site "New York"]
[Date "1989.??.??"]
[Round "3"]
[White "Suba, Mihai"]
[Black "Zaltsman, Vitaly F"]
[Result "1/2-1/2"]
[WhiteElo "2515"]
[BlackElo "2420"]
[PlyCount "83"]
[EventDate "1989.03.??"]
[EventType "swiss"]
[EventRounds "9"]
[EventCountry "USA"]
[SourceTitle "CBM 012"]
[Source "ChessBase"]
[SourceDate "1989.10.01"]
[SourceVersion "1"]
[SourceVersionDate "1989.10.01"]
[SourceQuality "1"]

1. Nf3 c5 2. c4 Nf6 3. Nc3 e6 4. g3 d5 5. cxd5 Nxd5 6. Bg2 Be7 7. 0-0 Nc6 8. d4 0-0 9. Rb1 h6 10. e4 Nb6 11. dxc5 Qxd1 12. Rxd1 Bxc5 13. Bf4 f6 14. Rbc1 e5 15. Nd5 exf4 16. Rxc5 fxg3 17. hxg3 Bg4 18. Ne3 Be6 19. b3 Rfd8 20. Rdc1 Nb4 21. Ra5 Nc6 22. Rb5 Rd7 23. a4 Nc8 24. Nc4 N8e7 25. Kh1 Rad8 26. a5 Bg4 27. Rc5 Bxf3 28. Bxf3 Nd4 29. Bg4 Nxb3 30. Bxd7 Nxc5 31. Bh3 Nc6 32. f3 Rd4 33. Rc3 Na4 34. Rc2 Nb4 35. Rc1 Nd3 36. Rd1 Nc3 37. Ra1 Kf7 38. Ne3 Ne5 39. Bg2 Rd3 40. Nf5 Nxf3 41. Bxf3 Rxf3 42. Ra3 1/2-1/2

[Event "New York op"]
[Site "New York"]
[Date "1989.??.??"]
[Round "7"]
[White "Zaltsman, Vitaly F"]
[Black "Hulak, Krunoslav"]
[Result "1-0"]
[WhiteElo "2420"]
[BlackElo "2515"]
[PlyCount "119"]
[EventDate "1989.03.??"]
[EventType "swiss"]
[EventRounds "9"]
[EventCountry "USA"]
[SourceTitle "CBM 012"]
[Source "ChessBase"]
[SourceDate "1989.10.01"]
[SourceVersion "1"]
[SourceVersionDate "1989.10.01"]
[SourceQuality "1"]

1. d4 Nf6 2. c4 c5 3. d5 e6 4. Nc3 exd5 5. cxd5 d6 6. Nf3 g6 7. Nd2 Bg7 8. e4 0-0 9. Be2 Na6 10. 0-0 Re8 11. f3 Nc7 12. a4 b6 13. Kh1 Qd7 14. Nc4 Ba6 15. Bg5 Bxc4 16. Bxc4 a6 17. Qe2 Qc8 18. Bf4 Bf8 19. Rab1 Rb8 20. Rfd1 Nh5 21. Bd2 f5 22. b4 fxe4 23. Nxe4 b5 24. axb5 axb5 25. Ba2 Ra8 26. Bc3 cxb4 27. Bd4 Be7 28. Rdc1 Qd7 29. Bb3 Rf8 30. Rc6 Nf4 31. Qc2 Ne8 32. Rc1 Qf5 33. Bb2 g5 34. h3 Rd8 35. Qd2 Nxh3 36. Bc2 Qf7 37. gxh3 Qxf3+ 38. Qg2 b3 39. Bb1 Qf4 40. Rg1 h6 41. Rcc1 Ng7 42. Rgf1 Qh4 43. Qg4 Rxf1+ 44. Rxf1 Rf8 45. Rxf8+ Kxf8 46. Qxh4 gxh4 47. Kg2 Ne8 48. Nd2 Bf6 49. Ba3 b2 50. Bb4 Ke7 51. Ba5 Bg5 52. Ne4 Nf6 53. Nxf6 Bxf6 54. Kf3 Bd4 55. Ke4 Bf6 56. Kf5 Kf7 57. Bd2 Bg7 58. Bf4 Ke7 59. Kg6 Bc3 60. Bxh6 1-0

[Event "New York op"]
[Site "New York"]
[Date "1987.??.??"]
[Round "?"]
[White "Byrne, Robert Eugene"]
[Black "Zaltsman, Vitaly F"]
[Result "1/2-1/2"]
[WhiteElo "2495"]
[BlackElo "2430"]
[PlyCount "41"]
[EventDate "1987.??.??"]
[EventType "swiss"]
[EventRounds "11"]
[EventCountry "USA"]
[SourceTitle "CBM 002"]
[Source "ChessBase"]
[SourceDate "1988.02.01"]
[SourceVersion "1"]
[SourceVersionDate "1988.02.01"]
[SourceQuality "1"]

1. e4 c5 2. Nf3 Nc6 3. d4 cxd4 4. Nxd4 Nf6 5. Nc3 d6 6. Bg5 e6 7. Qd2 a6 8. 0-0-0 h6 9. Bf4 Bd7 10. Nxc6 Bxc6 11. f3 d5 12. Qe1 Bb4 13. a3 Ba5 14. exd5 Nxd5 15. Bd2 Nxc3 16. Bxc3 Qg5+ 17. Kb1 Bxc3 18. Qxc3 0-0 19. Bd3 Rfd8 20. Rhf1 Rd7 21. g3 1/2-1/2

[Event "New York op"]
[Site "New York"]
[Date "1987.??.??"]
[Round "?"]
[White "Gurevich, Dmitry"]
[Black "Zaltsman, Vitaly F"]
[Result "1/2-1/2"]
[WhiteElo "2535"]
[BlackElo "2430"]
[PlyCount "20"]
[EventDate "1987.??.??"]
[EventType "swiss"]
[EventRounds "11"]
[EventCountry "USA"]
[SourceTitle "CBM 002"]
[Source "ChessBase"]
[SourceDate "1988.02.01"]
[SourceVersion "1"]
[SourceVersionDate "1988.02.01"]
[SourceQuality "1"]

1. Nf3 d5 2. c4 dxc4 3. Na3 c5 4. Nxc4 Nf6 5. g3 b6 6. Bg2 Bb7 7. 0-0 e6 8. b3 Be7 9. Bb2 0-0 10. d4 Nbd7 1/2-1/2

[Event "New York op"]
[Site "New York"]
[Date "1987.??.??"]
[Round "?"]
[White "Zaltsman, Vitaly F"]
[Black "Djuric, Stefan"]
[Result "1/2-1/2"]
[WhiteElo "2430"]
[BlackElo "2465"]
[PlyCount "111"]
[EventDate "1987.??.??"]
[EventType "swiss"]
[EventRounds "11"]
[EventCountry "USA"]
[SourceTitle "CBM 002"]
[Source "ChessBase"]
[SourceDate "1988.02.01"]
[SourceVersion "1"]
[SourceVersionDate "1988.02.01"]
[SourceQuality "1"]

1. d4 Nf6 2. c4 e6 3. Nf3 Bb4+ 4. Bd2 Bxd2+ 5. Qxd2 0-0 6. g3 d5 7. Bg2 c6 8. Qc2 dxc4 9. Qxc4 Nbd7 10. 0-0 Qe7 11. Nc3 e5 12. e3 exd4 13. exd4 Nb6 14. Qc5 Qd8 15. Ne5 Be6 16. Rfd1 Re8 17. Nd3 Nfd7 18. Qa5 Bg4 19. Re1 Qf6 20. Ne5 Nxe5 21. dxe5 Qe7 22. Ne4 Nc4 23. Qc3 Nxe5 24. Nc5 Qf6 25. Re3 Re7 26. Nxb7 Rae8 27. Nc5 h5 28. h3 Bc8 29. f4 Nd7 30. Qxf6 Nxf6 31. Rxe7 Rxe7 32. Rd1 Bf5 33. Kf2 g6 34. Rd6 Nd5 35. Rxc6 Ne3 36. Bf3 Bxh3 37. Nd3 Ng4+ 38. Bxg4 Bxg4 39. Ne5 Be6 40. Ra6 Rc7 41. Ke3 Kg7 42. Nf3 Re7 43. Kd4 f6 44. b4 Bg4 45. Nd2 Bf5 46. b5 Rd7+ 47. Ke3 Kh6 48. Nf3 Rd3+ 49. Kf2 Bg4 50. Nh4 Rd2+ 51. Kg1 Rd1+ 52. Kf2 Rd2+ 53. Kg1 Rd1+ 54. Kf2 Rd2+ 55. Kg1 Rd1+ 56. Kf2 1/2-1/2

[Event "Philadelphia op"]
[Site "Philadelphia"]
[Date "1987.??.??"]
[Round "?"]
[White "Zaltsman, Vitaly F"]
[Black "Griego, David W"]
[Result "1-0"]
[WhiteElo "2430"]
[BlackElo "2320"]
[PlyCount "79"]
[EventDate "1987.06.??"]
[EventType "swiss"]
[EventRounds "10"]
[EventCountry "USA"]
[SourceTitle "EXT 1997"]
[Source "ChessBase"]
[SourceDate "1996.11.15"]
[SourceVersion "1"]
[SourceVersionDate "1996.11.15"]
[SourceQuality "1"]

1. d4 d5 2. Nf3 Nf6 3. c4 e6 4. Nc3 c6 5. Qb3 dxc4 6. Qxc4 b5 7. Qb3 Nbd7 8. Bg5 b4 9. Na4 Ba6 10. e3 Bb5 11. Bxf6 gxf6 12. Rc1 Qa5 13. Nc5 Bxc5 14. dxc5 Ba4 15. Qc4 b3+ 16. Nd2 Rb8 17. a3 Rb5 18. Qd4 Rxc5 19. Bc4 Rg5 20. 0-0 Qc5 21. Nxb3 Bxb3 22. Bxb3 Qxd4 23. exd4 Rb5 24. Rxc6 Ke7 25. Ba4 Rxb2 26. Rc7 Rd8 27. Rxa7 Kd6 28. g3 Nb6 29. Bd1 Rd7 30. Ra6 Kd5 31. Bf3+ Kc4 32. a4 Nd5 33. a5 Ra2 34. Rd1 Nc3 35. Rc6+ Kb4 36. Rc1 Ne2+ 37. Bxe2 Rxe2 38. Rb1+ Ka4 39. a6 Ra2 40. Rb7 1-0

[Event "New York op"]
[Site "New York"]
[Date "1987.??.??"]
[Round "?"]
[White "Zaltsman, Vitaly F"]
[Black "Murey, Jacob"]
[Result "0-1"]
[WhiteElo "2430"]
[BlackElo "2505"]
[PlyCount "110"]
[EventDate "1987.??.??"]
[EventType "swiss"]
[EventRounds "11"]
[EventCountry "USA"]
[SourceTitle "CBM 002"]
[Source "ChessBase"]
[SourceDate "1988.02.01"]
[SourceVersion "1"]
[SourceVersionDate "1988.02.01"]
[SourceQuality "1"]

1. d4 Nf6 2. c4 e6 3. Nf3 c5 4. d5 exd5 5. cxd5 Bd6 6. Nc3 0-0 7. Bg5 Re8 8. e3 h6 9. Bh4 a6 10. a4 g5 11. Bg3 Bxg3 12. hxg3 Kg7 13. Bd3 d6 14. 0-0 Bg4 15. Qc2 Nbd7 16. Bf5 Ne5 17. Nd2 Bxf5 18. Qxf5 Qc8 19. Qxc8 Raxc8 20. a5 c4 21. Ra4 Rc5 22. e4 Rec8 23. Rb1 Kf8 24. f3 Nh5 25. Nf1 g4 26. Kf2 Re8 27. Ke3 f5 28. f4 Nd7 29. Kd4 fxe4 30. Nxe4 Nhf6 31. Nxc5 Nxc5 32. Ra3 Re4+ 33. Kc3 Nxd5+ 34. Kd2 Nb3+ 35. Rxb3 cxb3 36. Kd3 Re7 37. Kc4 Ne3+ 38. Kxb3 Nxf1 39. Rxf1 Re3+ 40. Kc4 Rxg3 41. Rf2 Ke7 42. Kd5 h5 43. Re2+ Kf6 44. Kxd6 h4 45. b4 Rb3 46. Kc5 Kf5 47. Re7 Kxf4 48. Rxb7 Kg3 49. Rh7 Rb2 50. Rh6 Rxg2 51. Rxa6 h3 52. b5 h2 53. Rh6 Ra2 54. a6 Kg2 55. b6 Ra5+ 0-1

[Event "New York op"]
[Site "New York"]
[Date "1987.??.??"]
[Round "?"]
[White "Zaltsman, Vitaly F"]
[Black "Schorr, Leon"]
[Result "1-0"]
[WhiteElo "2430"]
[BlackElo "2230"]
[PlyCount "57"]
[EventDate "1987.??.??"]
[EventType "swiss"]
[EventRounds "11"]
[EventCountry "USA"]
[SourceTitle "CBM 002"]
[Source "ChessBase"]
[SourceDate "1988.02.01"]
[SourceVersion "1"]
[SourceVersionDate "1988.02.01"]
[SourceQuality "1"]

1. d4 Nf6 2. c4 d6 3. Nc3 Nbd7 4. e4 e5 5. Nf3 c6 6. Be2 Be7 7. 0-0 0-0 8. Re1 Qc7 9. Bf1 Re8 10. h3 a6 11. d5 cxd5 12. cxd5 b5 13. Bd2 Qb7 14. Rc1 Nb6 15. b3 Bd7 16. Bd3 Rec8 17. Qe2 Be8 18. Be3 Bd8 19. Nd2 Nbd7 20. a4 Ba5 21. Na2 bxa4 22. bxa4 Nc5 23. Bxc5 dxc5 24. Nc3 Bxc3 25. Rxc3 Bxa4 26. Rb1 Qa7 27. Ra1 Bd7 28. Rca3 c4 29. Nxc4 1-0

[Event "Reykjavik op"]
[Site "Reykjavik"]
[Date "1986.??.??"]
[Round "8"]
[White "Schiller, Eric Andrew"]
[Black "Zaltsman, Vitaly F"]
[Result "1/2-1/2"]
[WhiteElo "2230"]
[BlackElo "2410"]
[PlyCount "87"]
[EventDate "1986.02.??"]
[EventType "swiss"]
[EventRounds "11"]
[EventCountry "ISL"]
[SourceTitle "EXT 2002"]
[Source "ChessBase"]
[SourceDate "2001.11.25"]
[SourceVersion "1"]
[SourceVersionDate "2001.11.25"]
[SourceQuality "1"]

1. d4 Nf6 2. Nc3 d5 3. Bg5 Bf5 4. e3 e6 5. g4 Bg6 6. Nge2 h6 7. Bxf6 Qxf6 8. Nf4 Bh7 9. h4 Qe7 10. Bd3 Bxd3 11. Qxd3 Nd7 12. 0-0-0 0-0-0 13. Qb5 Qb4 14. Nd3 Qxb5 15. Nxb5 c6 16. Nc3 Be7 17. Ne2 h5 18. g5 g6 19. Kd2 c5 20. c3 Kc7 21. Rc1 c4 22. Ne5 Nxe5 23. dxe5 b5 24. a3 a5 25. Rh3 Rd7 26. Rf3 Bc5 27. Nd4 Rb8 28. Ra1 Bxd4 29. exd4 Kd8 30. Kc2 Rdb7 31. Re3 b4 32. axb4 axb4 33. cxb4 Rxb4 34. Ra2 Rb3 35. Rc3 Kc7 36. Ra7+ R3b7 37. Rxb7+ Kxb7 38. Ra3 Rc8 39. Kc3 Rc7 40. Ra5 Kc8 41. Kb4 Kd7 42. Rc5 Ra7 43. Ra5 Rb7+ 44. Rb5 1/2-1/2

[Event "New York op"]
[Site "New York"]
[Date "1986.??.??"]
[Round "?"]
[White "Spraggett, Kevin"]
[Black "Zaltsman, Vitaly F"]
[Result "0-1"]
[WhiteElo "2535"]
[BlackElo "2410"]
[PlyCount "72"]
[EventDate "1986.03.??"]
[EventType "swiss"]
[EventRounds "9"]
[EventCountry "USA"]
[SourceTitle "EXT 1997"]
[Source "ChessBase"]
[SourceDate "1996.11.15"]
[SourceVersion "1"]
[SourceVersionDate "1996.11.15"]
[SourceQuality "1"]

1. c4 c5 2. Nf3 Nf6 3. Nc3 e6 4. g3 d5 5. cxd5 Nxd5 6. Bg2 Be7 7. 0-0 0-0 8. d4 Nc6 9. e4 Nb6 10. d5 exd5 11. exd5 Nb4 12. Ne1 Bf6 13. Be3 Bxc3 14. bxc3 N4xd5 15. Bxc5 Re8 16. Bd4 Bf5 17. a4 a5 18. Qb3 Be4 19. Bxe4 Rxe4 20. Ng2 Re6 21. Rfe1 Rc6 22. Re2 Qd7 23. Rae1 h6 24. Ne3 Rac8 25. Qb5 R6c7 26. Qxd7 Rxd7 27. Nf5 Nxa4 28. Bxg7 Naxc3 29. Re8+ Rxe8 30. Rxe8+ Kh7 31. g4 f6 32. Bxh6 a4 33. Ra8 b5 34. h4 b4 35. Bf8 a3 36. h5 b3 0-1

[Event "New York op"]
[Site "New York"]
[Date "1986.??.??"]
[Round "?"]
[White "Zaltsman, Vitaly F"]
[Black "Abramovic, Bosko"]
[Result "1/2-1/2"]
[WhiteElo "2410"]
[BlackElo "2490"]
[PlyCount "48"]
[EventDate "1986.03.??"]
[EventType "swiss"]
[EventRounds "9"]
[EventCountry "USA"]
[SourceTitle "EXT 1997"]
[Source "ChessBase"]
[SourceDate "1996.11.15"]
[SourceVersion "1"]
[SourceVersionDate "1996.11.15"]
[SourceQuality "1"]

1. d4 d5 2. c4 e6 3. Nc3 Be7 4. Nf3 Nf6 5. Bg5 h6 6. Bh4 0-0 7. e3 b6 8. Qb3 Bb7 9. Bxf6 Bxf6 10. cxd5 exd5 11. Rd1 c6 12. Bd3 Na6 13. 0-0 Nc7 14. Bb1 Re8 15. Rfe1 Ne6 16. a3 Qe7 17. Qc2 g6 18. Ba2 Rad8 19. b4 Kg7 20. Bb3 c5 21. dxc5 bxc5 22. Nxd5 Bxd5 23. Bxd5 cxb4 24. Bxe6 fxe6 1/2-1/2

[Event "Reykjavik op"]
[Site "Reykjavik"]
[Date "1986.??.??"]
[Round "2"]
[White "Zaltsman, Vitaly F"]
[Black "Gheorghiu, Florin"]
[Result "1/2-1/2"]
[WhiteElo "2410"]
[BlackElo "2525"]
[PlyCount "59"]
[EventDate "1986.02.??"]
[EventType "swiss"]
[EventRounds "11"]
[EventCountry "ISL"]
[SourceTitle "EXT 2000"]
[Source "ChessBase"]
[SourceDate "1999.11.16"]
[SourceVersion "1"]
[SourceVersionDate "1999.11.16"]
[SourceQuality "1"]

1. d4 Nf6 2. c4 c5 3. d5 d6 4. Nc3 g6 5. e4 Bg7 6. Nf3 0-0 7. h3 a6 8. a4 e6 9. Bd3 exd5 10. exd5 Re8+ 11. Be3 Nbd7 12. 0-0 Nh5 13. Qc2 Ne5 14. Nxe5 Bxe5 15. Rfe1 f5 16. Bd2 Nf4 17. Bf1 Bd7 18. Ne2 Nxe2+ 19. Bxe2 Qf6 20. Bf3 Bxb2 21. Rab1 Rxe1+ 22. Bxe1 Re8 23. Bd2 Bd4 24. Rxb7 Qh4 25. Bc3 Bxa4 26. Qd2 Bxc3 27. Qxc3 Qd4 28. Qa5 Qf4 29. Qc3 Qd4 30. Qa5 1/2-1/2

[Event "Gausdal Int"]
[Site "Gausdal"]
[Date "1986.??.??"]
[Round "?"]
[White "Zaltsman, Vitaly F"]
[Black "Ostenstad, Berge"]
[Result "0-1"]
[WhiteElo "2430"]
[BlackElo "2405"]
[PlyCount "72"]
[EventDate "1986.07.??"]
[EventType "swiss"]
[EventRounds "9"]
[EventCountry "NOR"]
[SourceTitle "EXT 1997"]
[Source "ChessBase"]
[SourceDate "1996.11.15"]
[SourceVersion "1"]
[SourceVersionDate "1996.11.15"]
[SourceQuality "1"]

1. d4 Nf6 2. c4 g6 3. Nc3 d5 4. Nf3 Bg7 5. e3 0-0 6. Be2 c5 7. dxc5 Qa5 8. 0-0 dxc4 9. Bxc4 Qxc5 10. Bb3 Nc6 11. e4 Bg4 12. Be3 Qa5 13. h3 Rad8 14. Qe2 Bxf3 15. Qxf3 Nd7 16. Rfd1 e6 17. Qe2 Nc5 18. Qc4 Nxb3 19. axb3 Rxd1+ 20. Rxd1 Rd8 21. Rxd8+ Qxd8 22. b4 Ne5 23. Qe2 b6 24. Nb5 Nc6 25. Qc4 Qd7 26. Nc3 h5 27. f4 Bf8 28. b5 Nb4 29. Bd4 Nc2 30. Be5 Qd2 31. Qe2 Qc1+ 32. Kh2 Ne3 33. g3 Bc5 34. g4 Nxg4+ 35. hxg4 Qg1+ 36. Kh3 Qh1+ 0-1

[Event "Philadelphia Int"]
[Site "Philadelphia"]
[Date "1985.07.??"]
[Round "?"]
[White "Byrne, Robert Eugene"]
[Black "Zaltsman, Vitaly F"]
[Result "1-0"]
[WhiteElo "2510"]
[BlackElo "2410"]
[PlyCount "53"]
[EventDate "1985.07.??"]
[EventType "swiss"]
[EventRounds "8"]
[EventCountry "USA"]
[SourceTitle "EXT 2000"]
[Source "ChessBase"]
[SourceDate "1999.11.16"]
[SourceVersion "1"]
[SourceVersionDate "1999.11.16"]
[SourceQuality "1"]

1. e4 c5 2. Nf3 Nc6 3. d4 cxd4 4. Nxd4 Nf6 5. Nc3 d6 6. Bg5 e6 7. Qd2 a6 8. 0-0-0 Bd7 9. f4 b5 10. Bxf6 gxf6 11. Kb1 Qb6 12. Nxc6 Bxc6 13. f5 Qc5 14. Bd3 b4 15. Ne2 a5 16. Nf4 Bd7 17. b3 Qe5 18. g3 Rc8 19. Rhe1 Bh6 20. Bc4 Rc6 21. Qe2 Bxf4 22. gxf4 Qxf4 23. fxe6 fxe6 24. Qh5+ Ke7 25. Rg1 Be8 26. Qxa5 Qh6 27. Bb5 1-0

[Event "Havana-B"]
[Site "Havana"]
[Date "1985.??.??"]
[Round "10"]
[White "Dlugy, Maxim"]
[Black "Zaltsman, Vitaly F"]
[Result "1/2-1/2"]
[WhiteElo "2485"]
[BlackElo "2410"]
[PlyCount "35"]
[EventDate "1985.05.??"]
[EventType "tourn"]
[EventRounds "13"]
[EventCountry "CUB"]
[EventCategory "8"]
[SourceTitle "MCD"]
[Source "ChessBase"]
[SourceDate "1999.07.01"]
[SourceVersion "1"]
[SourceVersionDate "1999.07.01"]
[SourceQuality "1"]

1. d4 d5 2. c4 dxc4 3. e4 e5 4. Nf3 Bb4+ 5. Nc3 exd4 6. Nxd4 Qe7 7. Bxc4 Nf6 8. 0-0 0-0 9. Bg5 Bxc3 10. Bxf6 Qxf6 11. bxc3 Nc6 12. f4 Qd8 13. e5 Qe7 14. Nxc6 Qc5+ 15. Nd4 Qxc4 16. Qb3 Qxb3 17. axb3 Be6 18. f5 1/2-1/2

[Event "Havana-B"]
[Site "Havana"]
[Date "1985.??.??"]
[Round "3"]
[White "Knezevic, Milorad"]
[Black "Zaltsman, Vitaly F"]
[Result "1/2-1/2"]
[WhiteElo "2500"]
[BlackElo "2410"]
[PlyCount "21"]
[EventDate "1985.05.??"]
[EventType "tourn"]
[EventRounds "13"]
[EventCountry "CUB"]
[EventCategory "8"]
[SourceTitle "MCD"]
[Source "ChessBase"]
[SourceDate "1999.07.01"]
[SourceVersion "1"]
[SourceVersionDate "1999.07.01"]
[SourceQuality "1"]

1. d4 d5 2. Nf3 Nf6 3. Bg5 c6 4. Nbd2 Bf5 5. Bxf6 gxf6 6. g3 Nd7 7. Bg2 e5 8. 0-0 Be6 9. e4 Bg7 10. Nh4 Nb6 11. Nb3 1/2-1/2